000 00745nam a2200277Ia 4500
003 OSt
005 20221006153202.0
006 a|||||r|||| 00| 0
007 ta
008 221006b |||||||| |||| 00| 0 kor d
020 _cW 7,000
024 _a31,539
037 _bGift, Korean Embassy
_cTextual
040 _aEASL
_cEASL
_bkor
041 _2kor
_akor
082 _aO495,30aA, P5
100 _aKIM Soo-Kyeong Au.
_9662798
245 0 _aGrand Chess
260 _aSeoul
_bKyelim.com Korea
_c2005
300 _a175p.
_ccm.
490 _v KL
650 _a KL
650 _aScience fact story
_9662799
942 _hO495,30aA, P5
_cTEXL
_2CC
999 _c1099625
_d1099625